000 00576cam a2200217 4500
001 B2651
008 090401t1989 xxu||||| |||| 00| 0 eng d
035 _a(Sirsi) u51311
041 _aeng
050 _a696.9
110 _aButler Cox plc
_93133
245 _aInformation technology and buildings: a practical guide for designers
260 _aLondon
_bButler Cox plc
_c1989
300 _a(169)p. : ill. ; 30cm.
350 _a39.5
650 _aBUILT ENVIRONMENT-CONSTRUCTION DESIGN
650 _aCOMPUTERS
650 _aOFFICES
942 _n0
948 _c04/03/1997
999 _c92864
_d92864